[Event "Tournament (Elo) (b)"]
[Site "masterchessopen.com Budapest (Hungary)"]
[Date "2011.08.10"]
[Round "5"]
[White "Krstulovic Alex (HUN)"]
[Black "Pogats Jozsef (HUN)"]
[Result "0-1"]
[WhiteElo "1635"]
[BlackElo "2230"]

1.d4 Nf6 2.c4 g6 3.Nc3 d5 4.Nf3 Bg7 5.Bg5 Ne4 6.Bh4 Nxc3 7.bxc3 O-O 8.cxd5
Qxd5 9.Bxe7 Re8 10.Ba3 b6 11.e3 c5 12.Be2 cxd4 13.cxd4 Qa5+ 14.Qd2 Qxa3 15.Rc1
Bb7 16.Bb5 Rd8 17.Rc7 Ba6 18.Qe2 Qb4+ 19.Nd2 Bxb5 20.Qf3 Nd7 {#R} 0-1

[Event "It (open)"]
[Site "masterchessopen.com Klementowice (Poland)"]
[Date "2011.08.20"]
[Round "9"]
[White "Flisiak Piotr (POL)"]
[Black "Teclaf Pawel (POL)"]
[Result "0-1"]
[WhiteElo "1679"]
[BlackElo "1594"]

1.c4 Nf6 2.Nc3 d5 3.d4 g6 4.Nf3 Bg7 5.Bg5 c6 6.e3 O-O 7.Bd3 Nbd7 8.O-O dxc4
9.Bxc4 c5 10.dxc5 Nxc5 11.Qc2 Bf5 12.Qe2 Nfe4 13.Nd5 Nxg5 14.Nxg5 e6 15.e4
Qxg5 16.exf5 exd5 17.Bxd5 Qxf5 {#R} 0-1

[Event "It (open) (b)"]
[Site "masterchessopen.com Rewal (Poland)"]
[Date "2011.08.27"]
[Round "8"]
[White "Dobrzanska Magdalena (POL)"]
[Black "Majdan Damian (POL)"]
[Result "1-0"]
[WhiteElo "1443"]
[BlackElo "1829"]

1.d4 Nf6 2.c4 g6 3.Nf3 Bg7 4.Nc3 d5 5.Bg5 O-O 6.cxd5 Nxd5 7.Nxd5 Qxd5 8.Bxe7
Re8 9.Bb4 Bg4 10.e3 b6 11.Be2 c5 12.dxc5 Qxd1+ 13.Rxd1 bxc5 14.Bxc5 Bxb2 15.h3
Be6 16.Ng5 Nd7 17.Nxe6 {#r} 1-0

[Event "Tournament (Elo)"]
[Site "masterchessopen.com Campinas (Brazil)"]
[Date "2011.08.29"]
[Round "3"]
[White "Goncalves Machado Henrique"]
[Black "Martinez Carlos Alejandro (BRA)"]
[Result "0-1"]
[WhiteElo "1717"]
[BlackElo "2501"]

1.d4 Nf6 2.c4 g6 3.Nc3 d5 4.Nf3 Bg7 5.Bg5 Ne4 6.cxd5 Nxc3 7.bxc3 Qxd5 8.e3 Bg4
9.Bf4 Nc6 10.Be2 O-O-O 11.O-O e5 12.Bg3 e4 13.Nd2 Bxe2 14.Qxe2 f5 15.c4 Qf7
16.Rab1 g5 17.Nb3 h5 18.h3 h4 19.Bh2 g4 20.hxg4 h3 21.Nc5 hxg2 22.Kxg2 Bxd4
23.exd4 Qh7 24.Rh1 Qh3+ 25.Kg1 Nxd4 {#R} 0-1

[Event "Ch Europe (for the Blind)"]
[Site "masterchessopen.com Rhodes (Greece)"]
[Date "2011.09.14"]
[Round "8"]
[White "Lindenmair Anton (GER)"]
[Black "Hilton Stephen (SCO)"]
[Result "1-0"]
[WhiteElo "2077"]
[BlackElo "1927"]

1.d4 Nf6 2.c4 g6 3.Nc3 d5 4.Nf3 Bg7 5.Bg5 Ne4 6.cxd5 Nxg5 7.Nxg5 e6 8.Qd2 h6
9.Nf3 exd5 10.e3 c6 11.Be2 O-O 12.O-O Qd6 13.a3 a5 14.Na4 Nd7 15.b4 axb4
16.axb4 Nf6 17.Nc5 Rxa1 18.Rxa1 Ne4 19.Qc2 b6 20.Nd3 Bd7 21.Ra7 Rc8 22.Nfe5
Be6 23.f3 Nf6 24.Qa4 Bf8 25.Qa6 c5 26.Nxf7 Bxf7 {#r} 1-0

[Event "It (open)"]
[Site "masterchessopen.com Goch (Germany)"]
[Date "2011.09.30"]
[Round "3"]
[White "Welzel Philipp (GER)"]
[Black "Eisner Ernst"]
[Result "1-0"]
[WhiteElo "2045"]
[BlackElo "1902"]

1.d4 Nf6 2.c4 g6 3.Nf3 Bg7 4.Nc3 d5 5.Bg5 Ne4 6.cxd5 Nxg5 7.Nxg5 e6 8.Qd2 exd5
9.Qe3+ Kf8 10.Qf4 f6 11.h4 c6 12.e3 h6 13.Nf3 Nd7 14.Bd3 Qe8 15.Qg3 g5
16.O-O-O b5 17.Qd6+ {#r} 1-0

[Event "Memorial Oliver Gonzalez (open)"]
[Site "masterchessopen.com Madrid (Spain)"]
[Date "2011.10.15"]
[Round "8"]
[White "Lorite Francisco (ESP)"]
[Black "Alvarez Escudero Manuel (ESP)"]
[Result "1-0"]
[WhiteElo "2038"]
[BlackElo "1874"]

1.c4 g6 2.d4 Bg7 3.Nf3 Nf6 4.Nc3 d5 5.Bg5 dxc4 6.e4 b5 7.Bxf6 Bxf6 8.e5 b4
9.Qa4+ Bd7 10.Qxb4 Bg7 11.Bxc4 Nc6 12.Qc5 O-O 13.O-O e6 14.Rac1 Re8 15.Bb5 Bf8
16.Qc4 Na5 17.Qe2 Rb8 18.Bxd7 Qxd7 19.Ne4 Be7 20.Qd2 Nb7 21.Qh6 Qd8 22.Nfg5
Bxg5 23.Nxg5 Qd7 24.Nxh7 {#r} 1-0

[Event "Bundesliga B East 2011/12"]
[Site "masterchessopen.com Austria"]
[Date "2011.10.16"]
[Round "2"]
[White "Kuthan Andreas (AUT)"]
[Black "Kleiser Gregor (AUT)"]
[Result "1-0"]
[WhiteElo "2213"]
[BlackElo "2263"]

1.d4 Nf6 2.c4 g6 3.Nc3 d5 4.Nf3 Bg7 5.Bg5 Ne4 6.Bh4 Nxc3 7.bxc3 O-O 8.cxd5 c5
9.e3 cxd4 10.cxd4 Qxd5 11.Bxe7 Re8 12.Bh4 Bg4 13.Be2 Bxf3 14.Bxf3 Qc4 15.Rc1
Qa6 16.Qe2 Qa5+ 17.Qd2 Qb5 18.Be2 Qa4 19.O-O Nc6 20.Rb1 Rac8 21.Rxb7 Bxd4
22.Bb5 Bxe3 23.Qd5 Qf4 24.fxe3 {#r} 1-0

[Event "Olympiad (under 16)"]
[Site "masterchessopen.com Kocaeli (Turkey)"]
[Date "2011.10.25"]
[Round "2"]
[White "Izzat Kanan Azar Oglu (AZE)"]
[Black "Kraus Tomas (CZE)"]
[Result "1-0"]
[WhiteElo "2238"]
[BlackElo "2197"]

1.d4 Nf6 2.Nf3 g6 3.c4 Bg7 4.Nc3 d5 5.Bg5 dxc4 6.e4 c5 7.d5 b5 8.e5 b4 9.exf6
exf6 10.Qe2+ Kf8 11.Be3 bxc3 12.bxc3 Qa5 13.Qxc4 Nd7 14.Be2 f5 15.O-O Qxc3
16.Qh4 Qf6 17.Bg5 Qd6 18.Bb5 h6 19.Bf4 Qf6 20.Qxf6 Bxf6 21.Bc6 Bxa1 22.Rxa1
Nb6 23.Bc7 Bd7 24.Bxb6 {#r} 1-0

[Event "It (open)"]
[Site "masterchessopen.com Plzen (Czech Republic)"]
[Date "2011.11.20"]
[Round "2"]
[White "Kourousis Epaminondas (GRE)"]
[Black "Janicek Jindrich (CZE)"]
[Result "1-0"]
[WhiteElo "2277"]
[BlackElo "2081"]

1.d4 Nf6 2.c4 g6 3.Nc3 d5 4.Nf3 Bg7 5.Bg5 Ne4 6.Bh4 Nxc3 7.bxc3 c5 8.e3 Nc6
9.cxd5 Qxd5 10.Be2 O-O 11.O-O cxd4 12.cxd4 b6 13.Qb3 Qxb3 14.axb3 e6 15.Nd2
Bb7 16.Nc4 f6 17.Nd6 Bc8 18.Bf3 Bd7 19.Rfc1 Na5 20.Bxa8 Nxb3 21.Bf3 Nxa1
22.Rxa1 a5 23.Nc4 {#r} 1-0

[Event "It (open)"]
[Site "masterchessopen.com St. Leon-Rot (Germany)"]
[Date "2011.12.28"]
[Round "3"]
[White "Stemmler Tim"]
[Black "Weller Karl (GER)"]
[Result "0-1"]
[WhiteElo "1678"]
[BlackElo "2030"]

1.d4 Nf6 2.Nf3 g6 3.c4 Bg7 4.Nc3 d5 5.Bg5 Ne4 6.e3 Nxg5 7.Nxg5 e6 8.Nf3 O-O
9.Be2 b6 10.O-O Bb7 11.Rc1 dxc4 12.Bxc4 a6 13.Be2 Nd7 14.Qd2 Rc8 15.b4 Qe7
16.Qb2 Rfd8 17.Rfd1 g5 18.h3 h5 19.Ne1 Nf6 20.g3 g4 21.h4 e5 22.Nc2 Qe6 23.b5
a5 24.Qb3 Qf5 25.dxe5 Ne4 26.Rf1 Nd2 27.Qb2 Nf3+ 28.Kh1 Bxe5 {#R} 0-1

[Event "Ch Brazil (amateurs)"]
[Site "masterchessopen.com Goiania (Brazil)"]
[Date "2012.02.20"]
[Round "6"]
[White "Fontoura Rogerio Lemos"]
[Black "Felicio Leonardo Demetrio de Freitas"]
[Result "1-0"]
[WhiteElo "1987"]
[BlackElo "1822"]

1.d4 Nf6 2.c4 g6 3.Nc3 d5 4.Nf3 Bg7 5.Bg5 c6 6.e3 O-O 7.Bd3 Nbd7 8.cxd5 cxd5
9.O-O a6 10.Rc1 b6 11.Qe2 Bb7 12.a4 Re8 13.h3 h6 14.Bf4 Nh5 15.Ne5 Nxf4
16.exf4 Nxe5 17.fxe5 e6 18.f4 Bf8 19.g4 f5 20.gxf5 gxf5 21.Qh5 Qe7 22.Kf2 Kh8
23.Rg1 Bg7 24.Rxg7 Kxg7 25.Rg1+ Kh7 26.Qg6+ {#r} 1-0

[Event "Ch Region"]
[Site "masterchessopen.com Cheliabinsk (Russia)"]
[Date "2012.02.22"]
[Round "5"]
[White "Kholopov Alexander A (RUS)"]
[Black "Baigildin Albert"]
[Result "1-0"]
[WhiteElo "2337"]
[BlackElo "2187"]

1.d4 Nf6 2.c4 g6 3.Nc3 d5 4.Nf3 Bg7 5.Bg5 Ne4 6.cxd5 Nxg5 7.Nxg5 e6 8.Qd2 h6
9.Nh3 exd5 10.Nf4 O-O 11.e3 c5 12.dxc5 d4 13.exd4 Qxd4 14.Qxd4 Bxd4 15.O-O-O
Bxc5 16.Ne4 Bb6 17.Bc4 Kg7 18.Nd5 {#r} 1-0

[Event "Ch India (team)"]
[Site "masterchessopen.com Panaji (India)"]
[Date "2012.02.28"]
[Round "3"]
[White "Ram S Krishnan (IND)"]
[Black "Palit Somak (IND)"]
[Result "1-0"]
[WhiteElo "2344"]
[BlackElo "2399"]

1.d4 Nf6 2.Nf3 g6 3.c4 Bg7 4.Nc3 d5 5.Bg5 O-O 6.e3 Be6 7.Qb3 dxc4 8.Qxb7 Nbd7
9.Qa6 c5 10.Bxc4 cxd4 11.exd4 Bxc4 12.Qxc4 Qb6 13.Qe2 Rab8 14.Rb1 Qa5 15.O-O
Nd5 16.Nxd5 Qxd5 17.Qxe7 Rfe8 18.Qa3 Bf8 19.b4 Rb5 20.Bd2 Bd6 21.Qb3 Qh5 22.a4
Rd5 23.h3 Re6 {#r} 1-0

[Event "Ch Netherlands (team) 2011/12"]
[Site "masterchessopen.com Netherlands"]
[Date "2012.03.10"]
[Round "7"]
[White "Delemarre Jop (NED)"]
[Black "Van Kerkhof David (NED)"]
[Result "0-1"]
[WhiteElo "2419"]
[BlackElo "2292"]

1.d4 Nf6 2.c4 g6 3.Nc3 d5 4.Nf3 Bg7 5.Bg5 Ne4 6.Bh4 Nxc3 7.bxc3 dxc4 8.e3 b5
9.a4 c6 10.Nd2 a6 11.Be2 O-O 12.Qb1 Bf5 13.Qb4 Ra7 14.e4 Be6 15.axb5 cxb5
16.d5 Bc8 17.Ra3 Qd6 18.f4 f5 19.O-O Qxb4 20.cxb4 c3 21.Nf3 fxe4 22.Ne5 Rc7
23.Rc1 Rxf4 24.Bg3 Bxe5 25.Bxf4 Bxf4 26.Raxc3 Rxc3 27.Rxc3 Bb7 {#R} 0-1

[Event "It (open)"]
[Site "masterchessopen.com Sao Jose do Rio Preto (Brazil)"]
[Date "2012.03.25"]
[Round "6"]
[White "De Carvalho Igor Lorenzon"]
[Black "Fernandes Luiz (BRA)"]
[Result "1-0"]
[WhiteElo "1831"]
[BlackElo "1542"]

1.d4 Nf6 2.Nf3 g6 3.c4 Bg7 4.Nc3 d5 5.Bg5 c6 6.e3 O-O 7.Qb3 Nbd7 8.cxd5 cxd5
9.Nxd5 Qa5+ 10.Nc3 Ne4 11.Bxe7 Ndc5 12.Bxc5 Nxc5 13.dxc5 Qxc5 14.Bc4 Bg4
15.Qb5 Bxc3+ 16.bxc3 Qa3 17.Qb4 {#r} 1-0

[Event "Ch Austria (juniors) (under 16)"]
[Site "masterchessopen.com Untersiebenbrunn (Austria)"]
[Date "2012.04.01"]
[Round "1"]
[White "Menezes Christoph"]
[Black "Maier Christoph"]
[Result "1-0"]
[WhiteElo "2236"]
[BlackElo "1870"]

1.d4 Nf6 2.c4 g6 3.Nc3 d5 4.Nf3 Bg7 5.Bg5 Ne4 6.cxd5 Nxg5 7.Nxg5 e6 8.Qd2 h6
9.Nh3 exd5 10.Nf4 O-O 11.e3 c6 12.Bd3 Nd7 13.h4 h5 14.g4 c5 15.gxh5 cxd4
16.exd4 Bxd4 17.O-O-O Ne5 18.Bc2 Bb6 19.hxg6 Bg4 20.Rdg1 f5 21.Ne6 Nf3 22.Qh6
Qd7 23.g7 Rfc8 24.Rxg4 fxg4 25.Qh7+ {#r} 1-0

[Event "It (open)"]
[Site "masterchessopen.com Skopje (Macedonia)"]
[Date "2012.04.07"]
[Round "1"]
[White "Koksal Ege (TUR)"]
[Black "Chatalbashev Boris (BUL)"]
[Result "0-1"]
[WhiteElo "2121"]
[BlackElo "2570"]

1.d4 Nf6 2.c4 g6 3.Nc3 d5 4.Nf3 Bg7 5.Bg5 Ne4 6.cxd5 Nxg5 7.Nxg5 e6 8.Nf3 exd5
9.e3 O-O 10.b4 Qd6 11.Qb3 c6 12.Be2 Be6 13.O-O Nd7 14.Rac1 a6 15.a4 Rfc8
16.Rfd1 a5 17.b5 Qb4 18.Qc2 Bf5 19.Bd3 Bg4 20.Qb1 Bxf3 21.gxf3 Qe7 22.bxc6
bxc6 23.Bf1 c5 24.Bg2 cxd4 25.exd4 Qh4 {#R} 0-1

[Event "Ch England (team) 2011/12 (3 div)"]
[Site "masterchessopen.com England"]
[Date "2012.05.07"]
[Round "9"]
[White "Gavriel Tryfon (ENG)"]
[Black "Bucher Grant (ENG)"]
[Result "0-1"]
[WhiteElo "2136"]
[BlackElo "2011"]

1.d4 Nf6 2.c4 g6 3.Nc3 d5 4.Bg5 Bg7 5.Nf3 dxc4 6.Qa4+ c6 7.Qxc4 Qa5 8.b4 Qb6
9.e4 Be6 10.Qc5 Qd8 11.b5 Qa5 12.Bxf6 Bxf6 13.a3 Na6 14.bxa6 Qxc5 15.dxc5
Bxc3+ 16.Kd1 O-O-O+ {#R} 0-1

[Event "It (open)"]
[Site "masterchessopen.com Hradec Kralove (Czech Republic)"]
[Date "2012.05.12"]
[Round "1"]
[White "Kraus Ondrej (CZE)"]
[Black "Pulpan Matej (CZE)"]
[Result "1-0"]
[WhiteElo "1999"]
[BlackElo "1766"]

1.d4 Nf6 2.Nf3 g6 3.c4 Bg7 4.Nc3 d5 5.Bg5 Ne4 6.cxd5 Nxc3 7.bxc3 Qxd5 8.e3 Bg4
9.Bh4 Qa5 10.Qb3 Nd7 11.Be2 e5 12.Ng5 Bxe2 13.Qxf7+ Kd8 14.Ne4+ Kc8 15.Qxg7
Rf8 16.Kxe2 Qb5+ 17.Ke1 Qd3 18.Qxd7+ {#r} 1-0

[Event "Ch Norway (club)"]
[Site "masterchessopen.com Fagernes (Norway)"]
[Date "2012.06.10"]
[Round "6"]
[White "Mottang Harald (NOR)"]
[Black "Haveland Bjorn (NOR)"]
[Result "0-1"]
[WhiteElo "1714"]
[BlackElo "1923"]

1.Nf3 Nf6 2.c4 d5 3.d4 g6 4.Nc3 Bg7 5.Bg5 dxc4 6.e3 O-O 7.Bxc4 b6 8.O-O Nbd7
9.h3 Bb7 10.Rc1 c5 11.dxc5 Nxc5 12.Qxd8 Raxd8 13.Rfd1 h6 14.Bf4 Nfe4 15.Ne5
Rxd1+ 16.Rxd1 Nxc3 17.bxc3 e6 18.Be2 g5 19.Bh2 Rc8 20.f4 Bxe5 21.fxe5 Ne4
22.c4 Nc3 23.Rd2 Nxe2+ 24.Rxe2 Rxc4 {#R} 0-1

[Event "Ch Slovenia (w)"]
[Site "masterchessopen.com Ljubljana (Slovenia)"]
[Date "2012.07.03"]
[Round "4"]
[White "Unuk Laura (SLO)"]
[Black "Vrabic Anita (SLO)"]
[Result "0-1"]
[WhiteElo "1894"]
[BlackElo "2123"]

1.d4 Nf6 2.c4 g6 3.Nc3 d5 4.Nf3 Bg7 5.Bg5 Ne4 6.cxd5 Nxg5 7.Nxg5 e6 8.Qd2 h6
9.Nh3 O-O 10.dxe6 fxe6 11.e3 e5 12.d5 Qf6 13.Bd3 Na6 14.Ne4 Qb6 15.a3 Bf5
16.Rc1 Rad8 17.b4 Kh8 18.Nc3 Kh7 19.Bxf5 gxf5 20.e4 c6 21.Qc2 c5 22.Na4 Qg6
23.exf5 Rxf5 24.Nxc5 Nxc5 25.bxc5 Rxd5 26.Qe4 Rd4 27.Qxb7 Rf7 28.Qa8 Qd3 {#R}
0-1

[Event "Ch Greece (team)"]
[Site "masterchessopen.com Achaea (Greece)"]
[Date "2012.07.04"]
[Round "6"]
[White "Kosmas-Lekkas Dimitiros (GRE)"]
[Black "Naoum Spyridon (GRE)"]
[Result "1-0"]
[WhiteElo "2167"]
[BlackElo "2123"]

1.d4 Nf6 2.c4 g6 3.Nc3 d5 4.Nf3 Bg7 5.Bg5 O-O 6.e3 c5 7.cxd5 cxd4 8.Bxf6 Bxf6
9.Nxd4 Qb6 10.Qd2 Bxd4 11.exd4 e6 12.dxe6 Bxe6 13.d5 Rd8 14.Be2 Nc6 15.O-O Qc5
16.Rad1 Ne7 17.Bf3 Kg7 18.Ne4 Qc4 19.b3 Qc7 20.Qb2+ {#r} 1-0

[Event "It (open)"]
[Site "masterchessopen.com Barbera del Valles (Spain)"]
[Date "2012.07.08"]
[Round "5"]
[White "Laxman R R (IND)"]
[Black "Massoni Michael (FRA)"]
[Result "1-0"]
[WhiteElo "2422"]
[BlackElo "2365"]

1.Nf3 Nf6 2.d4 g6 3.c4 Bg7 4.Nc3 d5 5.Bg5 Ne4 6.Bh4 Nxc3 7.bxc3 c5 8.e3 Nc6
9.cxd5 Qxd5 10.Be2 cxd4 11.cxd4 O-O 12.O-O b6 13.Qa4 a6 14.Rab1 b5 15.Rxb5
axb5 16.Qxa8 Be6 17.Qa6 b4 18.Bb5 Bd7 19.Qb7 Qe6 20.Bg3 Rd8 21.Rc1 Rc8 22.Rd1
Qf5 23.e4 {#r} 1-0

[Event "It (open)"]
[Site "masterchessopen.com Andorra la Vella (Andorra)"]
[Date "2012.07.22"]
[Round "2"]
[White "Simonet Marc (AND)"]
[Black "Hammer Jon Ludvig (NOR)"]
[Result "0-1"]
[WhiteElo "2291"]
[BlackElo "2638"]

1.d4 Nf6 2.c4 g6 3.Nc3 d5 4.Nf3 Bg7 5.Bg5 Ne4 6.Bh4 Nxc3 7.bxc3 dxc4 8.e3 Be6
9.Qb1 b6 10.Be2 O-O 11.Nd2 Qd7 12.O-O c5 13.Nxc4 cxd4 14.cxd4 Nc6 15.Rd1 Bd5
16.Qb5 Qe6 17.Bf1 a6 {#R} 0-1

[Event "Tournament (open)"]
[Site "masterchessopen.com Gniezno (Poland)"]
[Date "2012.08.12"]
[Round "3"]
[White "Mietkiewicz Jacek"]
[Black "Banach Szymon"]
[Result "0-1"]
[WhiteElo "1506"]
[BlackElo "1759"]

1.d4 Nf6 2.c4 g6 3.Nc3 d5 4.Nf3 Bg7 5.Bg5 Ne4 6.Nxd5 Nxg5 7.Nxg5 e6 8.Nxc7+
Qxc7 9.e3 Qa5+ 10.Qd2 Qxg5 {#R} 0-1

[Event "It (open)"]
[Site "masterchessopen.com Latschach (Austria)"]
[Date "2012.08.13"]
[Round "4"]
[White "Sandhoefner Florian (AUT)"]
[Black "Nagel Herbert (AUT)"]
[Result "1-0"]
[WhiteElo "2228"]
[BlackElo "2115"]

1.d4 Nf6 2.c4 g6 3.Nc3 d5 4.Nf3 Bg7 5.Bg5 c5 6.Bxf6 Bxf6 7.Nxd5 Bg7 8.e3 Nc6
9.dxc5 Bxb2 10.Rb1 Bg7 11.Qd2 O-O 12.Be2 e6 13.Nc3 Qe7 14.Ne4 Rd8 15.Qc2 e5
16.Nd6 Qc7 17.Ng5 Qa5+ 18.Qd2 Qxc5 19.Ngxf7 Bf5 20.Rb5 Qa3 21.Nxd8 Rxd8
22.Qd5+ {#r} 1-0

[Event "Ch Europe (juniors) (under 18) (g)"]
[Site "masterchessopen.com Prague (Czech Republic)"]
[Date "2012.08.24"]
[Round "8"]
[White "Kabai Zsuzsanna (HUN)"]
[Black "Petrukhina Irina (RUS)"]
[Result "0-1"]
[WhiteElo "2084"]
[BlackElo "2212"]

1.Nf3 Nf6 2.d4 g6 3.c4 Bg7 4.Nc3 d5 5.Bg5 Ne4 6.cxd5 Nxg5 7.Nxg5 e6 8.Nf3 exd5
9.e3 O-O 10.b4 c6 11.Be2 Be6 12.O-O Nd7 13.Qb3 a5 14.a3 axb4 15.axb4 b5 16.Ra3
Rxa3 17.Qxa3 Qe7 18.Nd2 Nb6 19.Qb2 f5 20.f4 Bd7 21.Kf2 Re8 22.Nd1 Na4 23.Qa3
Bxd4 24.Nf3 Bc3 25.Ne5 Bxb4 26.Qa2 Bd6 27.Nf3 Nc3 {#R} 0-1

[Event "It (open)"]
[Site "masterchessopen.com Trieste (Italy)"]
[Date "2012.09.07"]
[Round "8"]
[White "Mocchi Tullio (ITA)"]
[Black "Ashiku Franc (ALB)"]
[Result "0-1"]
[WhiteElo "2259"]
[BlackElo "2152"]

1.d4 Nf6 2.c4 g6 3.Nc3 d5 4.Nf3 Bg7 5.Bg5 Ne4 6.cxd5 Nxg5 7.Nxg5 e6 8.Nf3 exd5
9.e3 O-O 10.Be2 c6 11.b4 Nd7 12.O-O Nb6 13.Qb3 Be6 14.Nd2 Qe7 15.Rfe1 a6
16.Na4 Nc8 17.Nc5 Nd6 18.a4 Bf5 19.b5 axb5 20.a5 Nc4 21.Bxc4 dxc4 22.Qb4 Rfd8
23.Nb1 b6 24.Na6 Qb7 {#R} 0-1

[Event "Cup Russia (open)"]
[Site "masterchessopen.com Vladivostok (Russia)"]
[Date "2012.09.20"]
[Round "4"]
[White "Kravtsov Sergey (RUS)"]
[Black "Timofeev Artyom (RUS)"]
[Result "0-1"]
[WhiteElo "2328"]
[BlackElo "2631"]

1.d4 Nf6 2.c4 g6 3.Nc3 d5 4.Nf3 Bg7 5.Bg5 Ne4 6.cxd5 Nxg5 7.Nxg5 e6 8.Nf3 exd5
9.e3 O-O 10.Be2 Qd6 11.O-O c6 12.Ne1 Bf5 13.Nd3 Nd7 14.Bg4 Bxd3 15.Qxd3 f5
16.Bf3 Nf6 17.b4 Qxb4 18.Rab1 Qe7 19.a4 a5 20.Rb3 Rad8 21.Rfb1 Rd7 22.Ne2 Ne4
23.Bxe4 fxe4 24.Qd2 Qf7 25.Nc1 c5 26.R3b2 cxd4 27.exd4 e3 {#R} 0-1